Disney general knowledge - Statistics

General Stats
  • This quiz has been taken 257 times
  • The average score is 9 of 15
Answer Stats
Questions Answers % Correct
Who created disney? Walt Disney
97%
Who was his first character? Mickey Mouse
93%
Which princess lost her shoe? Cinderella
92%
Who was the 'Snow Queen'? Elsa
74%
Who's hair glowed when she sang a specific song? Rapunzel
74%
What was disney's most recent film that starred Dwayne the Rock Johnson? Moana
71%
What year was the Little Mermaid released? 1989
59%
What was the name of the villain from The Sleeping Beauty? Maleficent
59%
Which film included the song 'when you wish upon a star'? Pinocchio
58%
Who was the loveable alien that could be used as a gramaphone? Stitch
49%
What year did Disney buy Pixar? 2006
46%
What caused Snow White to fall into the Sleeping Death? Poisoned Apple
42%
In which land is the peter pan ride? Fantasy Land
33%
In which land is the pirates of the carribean ride? Adventure Land
32%
Which part of the castle was Belle forbidden from entering? The West Wing
21%
No matching quizzes found
Score Distribution
Percent of People with Each Score
Percentile by Number Answered
Your Score History
You have not taken this quiz